| 000 | 00639nam a2200193 4500 | ||
|---|---|---|---|
| 999 |
_c162305 _d162305 |
||
| 005 | 20190309163122.0 | ||
| 010 | _aENG-124863 | ||
| 020 |
_a9788174532923 _c1295.00 |
||
| 035 | _aEN-108395 | ||
| 037 | _bDBAD/PUB | ||
| 082 | _a780.954 | ||
| 100 | _aSharma,Lovely | ||
| 245 |
_aGlimpses on indin musicology/ _cby Lovely Sharma |
||
| 260 |
_aNew Delhi _bSanjay Prakashan _c2017 |
||
| 270 |
_a4378/4 B-209,JMD House Ansari Road,Daryaganj, _bNew Delhi _e110002 _k011-23245808,41564415 _msanjayprakashan@yahoo.in |
||
| 300 |
_a312p. _c22cm(Hb) _bill. |
||
| 500 | _aIt includes bibliography | ||
| 942 |
_2ddc _cEN _h780.954 _mSHA |
||